| 000 | 00456nam a2200145Ia 4500 | ||
|---|---|---|---|
| 003 | OSt | ||
| 005 | 20260128121733.0 | ||
| 008 | 211028s2018 xx 000 0 und d | ||
| 040 | _cAIMIT LIBRARY | ||
| 041 | _aeng | ||
| 100 |
_aFernandes, Alestar; Wright, Rowena. _g1616011 _97768 |
||
| 245 | _aStudy on the challenges faced in enhancing service quality of Shree Balaji motors hero Karwar / | ||
| 260 |
_aMangalore _bRowena Wright _c2018 |
||
| 942 |
_2ddc _cPRO |
||
| 999 |
_c219336 _d219336 |
||